Fr. Conceicao Rodrigues College of Engineering

Artificial Intelligence (Record no. 35945)

MARC details
000 -LEADER
fixed length control field 00269 a2200121 4500
000 - LEADER
fixed length control field nam a22 7a 4500
020 ## - INTERNATIONAL STANDARD BOOK NUMBER
International Standard Book Number 978935606357
100 ## - MAIN ENTRY--PERSONAL NAME
Personal name Russell, Stuart
9 (RLIN) 85
245 ## - TITLE STATEMENT
Title Artificial Intelligence
250 ## - EDITION STATEMENT
Edition statement 4
260 ## - PUBLICATION, DISTRIBUTION, ETC.
Name of publisher, distributor, etc. Pearson
Date of publication, distribution, etc. 2022
264 ## - PRODUCTION, PUBLICATION, DISTRIBUTION, MANUFACTURE, AND COPYRIGHT NOTICE
Name of producer, publisher, distributor, manufacturer Pearson

No items available.